000 00216 a2200097 4500
001 37445
100 _aCantrell J C
245 _aGeometric Topology
260 _aNew York
_bAcademic Press
_c
090 _c23911
_d23911
942 _aNUST-CAE
_cM
_c15460
999 _c272518
_d272518